El balcón / (Record no. 179624)

MARC details
000 -LEADER
campo de control de longitud fija 01090nam a2200325 i 4500
001 - NÚMERO DE CONTROL
campo de control 179624
003 - IDENTIFICADOR DE NÚMERO DE CONTROL
campo de control ES-MaACL
005 - FECHA Y HORA DE LA ÚLTIMA TRANSACCIÓN
campo de control 20230922175754.0
008 - DATOS DE LONGITUD FIJA--INFORMACIÓN GENERAL
campo de control de longitud fija 111226s2010 sp aco |||| |dspa d
020 ## - NÚMERO INTERNACIONAL ESTÁNDAR DEL LIBRO
Número Internacional Estándar del Libro 978-84-87744-54-9
080 ## - NÚMERO DE LA CLASIFICACIÓN DECIMAL UNIVERSAL
Número de la Clasificación Decimal Universal 792(083.97)
080 ## - NÚMERO DE LA CLASIFICACIÓN DECIMAL UNIVERSAL
Número de la Clasificación Decimal Universal 821.133.1-23"19"
100 1# - ENTRADA PRINCIPAL--NOMBRE DE PERSONA
Nombre de persona Genet, Jean.
9 (RLIN) 56303
245 13 - MENCIÓN DEL TÍTULO
Título El balcón /
Mención de responsabilidad, etc. Genet ; dirección, Ángel Facio.
250 ## - MENCION DE EDICION
Mención de edición 1ª ed.
260 ## - PUBLICACIÓN, DISTRIBUCIÓN, ETC.
Lugar de publicación, distribución, etc. Madrid :
Nombre del editor, distribuidor, etc. Teatro Español,
Fecha de publicación, distribución, etc. 2010.
300 ## - DESCRIPCIÓN FÍSICA
Extensión 460 p. :
Otras características físicas il. col. y n., fot., retr. ;
Dimensiones 20 x 20 cm.
490 1# - MENCIÓN DE SERIE
Mención de serie Cuadernos del Teatro Español ;
Designación de volumen o secuencia 30
505 8# - NOTA DE CONTENIDO CON FORMATO
Nota de contenido con formato Contiene: ;
Título Cuatro horas en Chatila /
Mención de responsabilidad Jean Genet
600 14 - PUNTO DE ACCESO ADICIONAL DE MATERIA--NOMBRE DE PERSONA
Nombre de persona Genet, Jean.
9 (RLIN) 56303
650 #7 - PUNTO DE ACCESO ADICIONAL DE MATERIA--TÉRMINO DE MATERIA
Término de materia o nombre geográfico como elemento de entrada Teatro-
Subdivisión general Programas.
9 (RLIN) 145288
700 1# - ENTRADA AGREGADA--NOMBRE PERSONAL
Nombre de persona Facio, Ángel.
9 (RLIN) 148857
710 2# - ENTRADA AGREGADA--NOMBRE DE ENTIDAD CORPORATIVA
Nombre de entidad corporativa o nombre de jurisdicción como elemento de entrada Matadero Madrid.
9 (RLIN) 137698
710 2# - ENTRADA AGREGADA--NOMBRE DE ENTIDAD CORPORATIVA
Nombre de entidad corporativa o nombre de jurisdicción como elemento de entrada Teatro Español (Madrid)
9 (RLIN) 143020
740 02 - ENTRADA AGREGADA--TÍTULO RELACIONADO/ANALÍTICO NO CONTROLADO
Título relacionado o analítico no controlado Cuatro horas en Chatila.
830 0# - PUNTO DE ACCESO ADICIONAL DE SERIE-TÍTULO UNIFORME
Título uniforme Cuadernos del Teatro Español ;
Designación de volumen o secuencia 30
9 (RLIN) 189460
852 ## - LOCALIZACIÓN
Ubicación ES-MaACL
Número de control de estantería A-11767
itemnumber 186521
Sublocalización o colección R.146713
Ubicación en estantería Depósito 1
Signatura antigua Olim: N-4772
942 ## - ELEMENTOS DE ENTRADA SECUNDARIOS (KOHA)
Fuente del sistema de clasificación o colocación Clasificación decimal universal
Tipo de ítem Koha Libro impreso
Holdings
Estatus retirado Estado de pérdida Fuente del sistema de clasificación o colocación Estado de daño No para préstamo Biblioteca de origen Biblioteca actual Ubicación en estantería Fecha de adquisición Fuente de adquisición Total de préstamos Signatura topográfica completa Código de barras Visto por última vez Precio de reemplazo Tipo de ítem Koha
    Clasificación decimal universal     Biblioteca del Ateneo de Madrid Biblioteca del Ateneo de Madrid Depósito 1 26/12/2011 Donación   A-11767 1188699 23/02/2023 23/02/2023 Libro impreso